[Event "28th CRO-chT Women 2019"]
[Site "Mali Losinj"]
[Date "2019.10.03"]
[Round "7.7"]
[White "Klaric, Nikolina"]
[Black "Berke, Ana"]
[Result "0-1"]
[WhiteElo "1731"]
[BlackElo "2060"]
[Annotator "NA"]
[PlyCount "104"]
[EventDate "2019.09.28"]
[EventType "team-tourn"]
[EventCountry "CRO"]
[SourceTitle "playchess.com"]
[Source "ChessBase"]
[SourceQuality "1"]
[TimeControl "40/5400+30:1800+30"]

1. c4 {[%emt 0:00:30]} c5 {[%emt 0:07:30]} 2. Nc3 {[%emt 0:00:00]} Nc6 {[%emt 0:00:30]} 3. g3 {[%emt 0:01:00]} g6 {[%emt 0:00:00]} 4. Bg2 {[%emt 0:00:30]} Bg7 {[%emt 0:00:00]} 5. e3 {[%emt 0:00:30]} d6 {[%emt 0:00:30]} 6. Nge2 {[%emt 0:01:30]} e5 {[%emt 0:01:30]} 7. Nd5 {[%emt 0:09:30]} Nge7 {[%emt 0:00:30]} 8. Nec3 {[%emt 0:01:30]} O-O {[%emt 0:00:30]} 9. O-O {[%emt 0:01:30]} Rb8 {[%emt 0:00:30]} 10. Rb1 {[%emt 0:05:30]} a6 {[%emt 0:01:30]} 11. b4 {[%emt 0:17:30]} cxb4 {[%emt 0:01:30]} 12. Nxb4 {[%emt 0:00:30]} Bf5 {[%emt 0:02:30]} 13. e4 {[%emt 0:03:30]} Be6 {[%emt 0:01:30]} 14. d3 {[%emt 0:00:30]} Nxb4 {[%emt 0:03:30]} 15. Rxb4 {[%emt 0:00:30]} Qa5 {[%emt 0:00:30]} 16. Qa4 {[%emt 0:15:30]} Qc7 {[%emt 0:06:30]} 17. Bd2 {[%emt 0:02:30]} Nc6 {[%emt 0:02:30]} 18. Rb2 {[%emt 0:02:30]} Nd4 {[%emt 0:02:30]} 19. Rfb1 {[%emt 0:02:30]} Bd7 {[%emt 0:04:30]} 20. Qd1 {[%emt 0:02:30]} Bc6 {[%emt 0:00:30]} 21. Be3 {[%emt 0:12:13]} h6 {[%emt 0:02:30]} 22. Ne2 {[%emt 0:02:33]} Nxe2+ {[%emt 0:02:30]} 23. Qxe2 {[%emt 0:00:11]} f5 {[%emt 0:01:30]} 24. Bb6 {[%emt 0:02:52]} Qf7 {[%emt 0:02:30]} 25. f3 {[%emt 0:00:46]} h5 {[%emt 0:01:30]} 26. h3 {[%emt 0:01:14]} Bh6 {[%emt 0:02:30]} 27. Qe1 {[%emt 0:01:01]} Kh7 {[%emt 0:01:30]} 28. Qa5 {[%emt 0:01:39]} Rbc8 {[%emt 0:00:30]} 29. Qb4 {[%emt 0:00:41]} Qd7 {[%emt 0:02:30]} 30. Qe1 {[%emt 0:01:10]} Bg7 {[%emt 0:04:30]} 31. Qe2 {[%emt 0:00:52]} Rf7 {[%emt 0:01:30]} 32. Qe1 {[%emt 0:00:45]} Rcf8 {[%emt 0:00:30]} 33. Qb4 {[%emt 0:03:49]} Qe7 {[%emt 0:01:30]} 34. Re2 {[%emt 0:02:04]} Qf6 {[%emt 0:04:30]} 35. Qe1 {[%emt 0:00:43]} g5 {[%emt 0:00:30]} 36. a3 {[%emt 0:02:18]} Qg6 {[%emt 0:02:30]} 37. Qd2 {[%emt 0:02:31]} Bh6 {[%emt 0:01:30]} 38. Qe1 {[%emt 0:00:10]} g4 {[%emt 0:00:30]} 39. hxg4 {[%emt 0:00:36]} fxg4 {[%emt 0:01:30]} 40. fxg4 {[%emt 0:00:00]} Qxg4 {[%emt 0:00:00]} 41. Rf2 {[%emt 0:16:41]} Rxf2 {[%emt 0:03:00]} 42. Bxf2 {[%emt 0:00:09]} Rg8 {[%emt 0:00:30]} 43. Qf1 {[%emt 0:09:32]} Rg7 {[%emt 0:03:30]} 44. Bh3 {[%emt 0:02:54]} Qf3 {[%emt 0:01:30]} 45. Bg2 {[%emt 0:00:20]} Qf6 {[%emt 0:03:30]} 46. Qe2 {[%emt 0:00:25]} Qg5 {[%emt 0:01:30]} 47. Qf3 {[%emt 0:01:03]} Bd7 {[%emt 0:04:30]} 48. Qf8 {[%emt 0:03:42]} h4 {[%emt 0:05:30]} 49. Qxd6 {[%emt 0:00:46]} hxg3 {[%emt 0:00:30]} 50. Bc5 {[%emt 0:00:41]} Qh5 {[%emt 0:01:30]} 51. Kf1 {[%emt 0:00:21]} Bd2 {[%emt 0:02:30]} 52. Qb6 {[%emt 0:00:39]} Rf7+ {[%emt 0:00:30]} 0-1

[Event "28th CRO-chT Women 2019"]
[Site "Mali Losinj"]
[Date "2019.10.03"]
[Round "7.8"]
[White "Bogdanic, Katarina"]
[Black "Batory, Lucija"]
[Result "1/2-1/2"]
[WhiteElo "1899"]
[BlackElo "1683"]
[Annotator "NA"]
[PlyCount "70"]
[EventDate "2019.09.28"]
[EventType "team-tourn"]
[EventCountry "CRO"]
[SourceTitle "playchess.com"]
[Source "ChessBase"]
[SourceQuality "1"]
[TimeControl "40/5400+30:1800+30"]

1. Nf3 {[%emt 0:00:30]} e6 {[%emt 0:00:30]} 2. c4 {[%emt 0:00:00]} Nf6 {[%emt 0:00:00]} 3. g3 {[%emt 0:00:00]} d5 {[%emt 0:00:00]} 4. Bg2 {[%emt 0:00:30]} b6 {[%emt 0:00:30]} 5. O-O {[%emt 0:00:30]} Bb7 {[%emt 0:00:30]} 6. d4 {[%emt 0:00:30]} Be7 {[%emt 0:02:30]} 7. Nc3 {[%emt 0:05:30]} O-O {[%emt 0:00:30]} 8. b3 {[%emt 0:04:30]} c5 {[%emt 0:00:30]} 9. dxc5 {[%emt 0:05:30]} Bxc5 {[%emt 0:02:30]} 10. cxd5 {[%emt 0:04:30]} Nxd5 {[%emt 0:00:30]} 11. Nxd5 {[%emt 0:01:30]} Qxd5 {[%emt 0:02:30]} 12. Bb2 {[%emt 0:03:30]} Qh5 {[%emt 0:11:30]} 13. Rc1 {[%emt 0:02:30]} Nc6 {[%emt 0:01:30]} 14. Qc2 {[%emt 0:04:30]} Rac8 {[%emt 0:01:30]} 15. Qb1 {[%emt 0:00:30]} Rfd8 {[%emt 0:03:30]} 16. Rfd1 {[%emt 0:00:30]} a5 {[%emt 0:02:30]} 17. Rxd8+ {[%emt 0:01:30]} Nxd8 {[%emt 0:03:30]} 18. Qa1 {[%emt 0:03:30]} Qh6 {[%emt 0:07:30]} 19. Rc4 {[%emt 0:03:30]} Bf8 {[%emt 0:18:30]} 20. Rh4 {[%emt 0:08:30]} Qg6 {[%emt 0:00:30]} 21. Ne5 {[%emt 0:00:30]} Qf5 {[%emt 0:04:30]} 22. Bxb7 {[%emt 0:13:30]} Nxb7 {[%emt 0:00:30]} 23. Rf4 {[%emt 0:12:30]} Qc2 {[%emt 0:07:30]} 24. e3 {[%emt 0:08:18]} Qd2 {[%emt 0:03:30]} 25. Nc4 {[%emt 0:02:54]} Qe2 {[%emt 0:01:30]} 26. Rd4 {[%emt 0:02:51]} Bb4 {[%emt 0:02:30]} 27. Qd1 {[%emt 0:03:02]} Qxd1+ {[%emt 0:01:30]} 28. Rxd1 {[%emt 0:00:01]} b5 {[%emt 0:00:30]} 29. Ne5 {[%emt 0:02:34]} f6 {[%emt 0:00:30]} 30. Nd3 {[%emt 0:03:51]} Bc3 {[%emt 0:04:04]} 31. Bc1 {[%emt 0:01:34]} Kf7 {[%emt 0:04:10]} 32. Kg2 {[%emt 0:01:09]} Rd8 {[%emt 0:01:34]} 33. Kf1 {[%emt 0:00:30]} f5 {[%emt 0:01:21]} 34. Ke2 {[%emt 0:00:37]} Kf6 {[%emt 0:00:48]} 35. f3 {[%emt 0:00:52]} a4 {[%emt 0:01:40]} 1/2-1/2

[Event "28th CRO-chT Women 2019"]
[Site "Mali Losinj"]
[Date "2019.10.04"]
[Round "8.1"]
[White "Ivekovic, Ana"]
[Black "Salimova, Nurgyul"]
[Result "0-1"]
[WhiteElo "2056"]
[BlackElo "2415"]
[Annotator "NA"]
[PlyCount "72"]
[EventDate "2019.09.28"]
[EventType "team-tourn"]
[EventCountry "CRO"]
[SourceTitle "playchess.com"]
[Source "ChessBase"]
[SourceQuality "1"]
[TimeControl "40/5400+30:1800+30"]

1. d4 {[%emt 0:00:00]} Nf6 {[%emt 0:00:00]} 2. c4 {[%emt 0:00:00]} g6 {[%emt 0:00:00]} 3. Nc3 {[%emt 0:00:30]} d5 {[%emt 0:00:30]} 4. Nf3 {[%emt 0:00:30]} Bg7 {[%emt 0:00:00]} 5. Bf4 {[%emt 0:02:30]} O-O {[%emt 0:04:00]} 6. cxd5 {[%emt 0:07:30]} Nxd5 {[%emt 0:00:30]} 7. Nxd5 {[%emt 0:02:30]} Qxd5 {[%emt 0:00:00]} 8. Bxc7 {[%emt 0:09:30]} Nc6 {[%emt 0:14:00]} 9. e3 {[%emt 0:04:30]} Bf5 {[%emt 0:04:30]} 10. Qa4 {[%emt 0:13:30]} Qd7 {[%emt 0:01:30]} 11. Ba5 {[%emt 0:11:30]} Nxd4 {[%emt 0:01:30]} 12. Qxd7 {[%emt 0:00:30]} Nxf3+ {[%emt 0:00:30]} 13. gxf3 {[%emt 0:01:30]} Bxd7 {[%emt 0:00:30]} 14. Rb1 {[%emt 0:07:30]} Bf5 {[%emt 0:11:30]} 15. e4 {[%emt 0:02:30]} Be6 {[%emt 0:00:30]} 16. b3 {[%emt 0:01:30]} b6 {[%emt 0:01:30]} 17. Bb4 {[%emt 0:01:30]} Rfd8 {[%emt 0:20:30]} 18. Rd1 {[%emt 0:04:30]} Rxd1+ {[%emt 0:00:30]} 19. Kxd1 {[%emt 0:00:30]} a5 {[%emt 0:00:30]} 20. Bxe7 {[%emt 0:08:30]} a4 {[%emt 0:00:30]} 21. bxa4 {[%emt 0:01:41]} Rxa4 {[%emt 0:19:51]} 22. a3 {[%emt 0:00:46]} Bd4 {[%emt 0:01:21]} 23. Bb5 {[%emt 0:08:36]} Ra5 {[%emt 0:01:26]} 24. Bd3 {[%emt 0:04:26]} Bxf2 {[%emt 0:03:57]} 25. Ke2 {[%emt 0:00:16]} Bd4 {[%emt 0:01:29]} 26. Rd1 {[%emt 0:04:15]} Kg7 {[%emt 0:02:18]} 27. Bb5 {[%emt 0:01:23]} Be5 {[%emt 0:01:50]} 28. a4 {[%emt 0:00:23]} Bb3 {[%emt 0:01:55]} 29. Rb1 {[%emt 0:01:00]} Bxa4 {[%emt 0:00:51]} 30. Bc4 {[%emt 0:00:29]} b5 {[%emt 0:01:37]} 31. Bd5 {[%emt 0:00:04]} Ra7 {[%emt 0:00:41]} 32. Bd8 {[%emt 0:00:48]} Bxh2 {[%emt 0:01:55]} 33. Bb6 {[%emt 0:00:29]} Re7 {[%emt 0:01:37]} 34. Rc1 {[%emt 0:00:41]} b4 {[%emt 0:01:53]} 35. Rc8 {[%emt 0:00:22]} Bb5+ {[%emt 0:00:32]} 36. Ke3 {[%emt 0:00:20]} Bg1+ {[%emt 0:00:51]} 0-1

[Event "28th CRO-chT Women 2019"]
[Site "Mali Losinj"]
[Date "2019.10.04"]
[Round "8.2"]
[White "Saric, Kristina"]
[Black "Ivekovic, Zvjezdana"]
[Result "1-0"]
[WhiteElo "2222"]
[BlackElo "1781"]
[Annotator "NA"]
[PlyCount "113"]
[EventDate "2019.09.28"]
[EventType "team-tourn"]
[EventCountry "CRO"]
[SourceTitle "playchess.com"]
[Source "ChessBase"]
[SourceQuality "1"]
[TimeControl "40/5400+30:1800+30"]

1. e4 {[%emt 0:00:00]} e5 {[%emt 0:00:00]} 2. Nf3 {[%emt 0:00:00]} Nc6 {[%emt 0:00:00]} 3. Bb5 {[%emt 0:00:30]} a6 {[%emt 0:00:00]} 4. Ba4 {[%emt 0:00:30]} Nf6 {[%emt 0:00:00]} 5. O-O {[%emt 0:00:30]} Bc5 {[%emt 0:02:30]} 6. c3 {[%emt 0:02:30]} b5 {[%emt 0:04:30]} 7. Bc2 {[%emt 0:03:30]} d6 {[%emt 0:04:30]} 8. d4 {[%emt 0:01:30]} Bb6 {[%emt 0:00:30]} 9. h3 {[%emt 0:02:30]} O-O {[%emt 0:01:30]} 10. a4 {[%emt 0:01:30]} Bd7 {[%emt 0:01:30]} 11. axb5 {[%emt 0:02:30]} axb5 {[%emt 0:00:30]} 12. Rxa8 {[%emt 0:00:00]} Qxa8 {[%emt 0:00:30]} 13. Bg5 {[%emt 0:00:00]} Qc8 {[%emt 0:04:30]} 14. Na3 {[%emt 0:05:30]} Re8 {[%emt 0:17:30]} 15. Nxb5 {[%emt 0:06:30]} Ne7 {[%emt 0:01:30]} 16. c4 {[%emt 0:03:30]} Ng6 {[%emt 0:01:30]} 17. Nc3 {[%emt 0:01:30]} c6 {[%emt 0:02:30]} 18. dxe5 {[%emt 0:08:30]} dxe5 {[%emt 0:01:30]} 19. Nh2 {[%emt 0:05:30]} Re6 {[%emt 0:03:30]} 20. Na4 {[%emt 0:02:30]} Bd4 {[%emt 0:05:30]} 21. c5 {[%emt 0:01:30]} h6 {[%emt 0:01:30]} 22. Nb6 {[%emt 0:02:30]} Qc7 {[%emt 0:00:30]} 23. Bxf6 {[%emt 0:08:30]} Rxf6 {[%emt 0:00:00]} 24. Nxd7 {[%emt 0:04:30]} Qxd7 {[%emt 0:00:00]} 25. Ng4 {[%emt 0:01:30]} Re6 {[%emt 0:01:30]} 26. Bb3 {[%emt 0:09:30]} Re7 {[%emt 0:00:30]} 27. Ne3 {[%emt 0:03:30]} Bxc5 {[%emt 0:10:30]} 28. Nf5 {[%emt 0:00:30]} Qxd1 {[%emt 0:00:30]} 29. Nxe7+ {[%emt 0:00:00]} Nxe7 {[%emt 0:00:30]} 30. Rxd1 {[%emt 0:01:00]} Bd4 {[%emt 0:00:00]} 31. Ra1 {[%emt 0:01:30]} g5 {[%emt 0:02:00]} 32. Ra8+ {[%emt 0:00:30]} Kg7 {[%emt 0:00:00]} 33. Re8 {[%emt 0:01:30]} Ng6 {[%emt 0:00:00]} 34. Rc8 {[%emt 0:01:30]} Ne7 {[%emt 0:00:30]} 35. Rc7 {[%emt 0:00:35]} Kf6 {[%emt 0:00:30]} 36. Ba4 {[%emt 0:04:12]} Bxb2 {[%emt 0:01:30]} 37. Bxc6 {[%emt 0:00:20]} Nxc6 {[%emt 0:03:30]} 38. Rxc6+ {[%emt 0:00:07]} Kg7 {[%emt 0:00:00]} 39. g3 {[%emt 0:01:20]} Ba3 {[%emt 0:03:00]} 40. Kg2 {[%emt 0:00:00]} Be7 {[%emt 0:00:00]} 41. Kf3 {[%emt 0:02:56]} h5 {[%emt 0:16:00]} 42. g4 {[%emt 0:00:30]} h4 {[%emt 0:04:30]} 43. Ke3 {[%emt 0:00:30]} Ba3 {[%emt 0:00:30]} 44. Kd3 {[%emt 0:00:30]} Kf8 {[%emt 0:00:30]} 45. Kc4 {[%emt 0:00:30]} Ke7 {[%emt 0:00:30]} 46. Kd5 {[%emt 0:00:00]} Bb2 {[%emt 0:00:30]} 47. Rc7+ {[%emt 0:01:00]} Kf6 {[%emt 0:03:30]} 48. Kd6 {[%emt 0:01:30]} Ba3+ {[%emt 0:00:00]} 49. Kd7 {[%emt 0:00:30]} Kg6 {[%emt 0:00:00]} 50. Rc3 {[%emt 0:01:30]} Bf8 {[%emt 0:04:30]} 51. Ke8 {[%emt 0:01:30]} Bg7 {[%emt 0:05:30]} 52. Rc7 {[%emt 0:00:30]} f6 {[%emt 0:00:00]} 53. Ke7 {[%emt 0:00:30]} Bh6 {[%emt 0:03:00]} 54. Rc8 {[%emt 0:00:30]} Bg7 {[%emt 0:00:30]} 55. Rg8 {[%emt 0:00:30]} Kh7 {[%emt 0:00:30]} 56. Kf7 {[%emt 0:00:30]} Bh6 {[%emt 0:00:30]} 57. Rg6 {[%emt 0:00:30]} 1-0

[Event "28th CRO-chT Women 2019"]
[Site "Mali Losinj"]
[Date "2019.10.04"]
[Round "8.3"]
[White "Turk, Vesna"]
[Black "Spiranec, Noemi"]
[Result "0-1"]
[WhiteElo "1694"]
[BlackElo "2137"]
[Annotator "NA"]
[PlyCount "72"]
[EventDate "2019.09.28"]
[EventType "team-tourn"]
[EventCountry "CRO"]
[SourceTitle "playchess.com"]
[Source "ChessBase"]
[SourceQuality "1"]
[TimeControl "40/5400+30:1800+30"]

1. d4 {[%emt 0:00:00]} Nf6 {[%emt 0:00:00]} 2. Nf3 {[%emt 0:00:00]} d5 {[%emt 0:00:00]} 3. Bg5 {[%emt 0:00:30]} Ne4 {[%emt 0:00:00]} 4. Bf4 {[%emt 0:00:30]} c5 {[%emt 0:00:00]} 5. c3 {[%emt 0:02:30]} cxd4 {[%emt 0:00:30]} 6. cxd4 {[%emt 0:01:30]} Nc6 {[%emt 0:00:30]} 7. e3 {[%emt 0:04:30]} Bg4 {[%emt 0:07:30]} 8. Be2 {[%emt 0:01:30]} e6 {[%emt 0:00:30]} 9. O-O {[%emt 0:00:30]} Bd6 {[%emt 0:05:30]} 10. Bxd6 {[%emt 0:01:30]} Qxd6 {[%emt 0:00:30]} 11. a3 {[%emt 0:00:00]} O-O {[%emt 0:00:30]} 12. Nbd2 {[%emt 0:01:00]} Nf6 {[%emt 0:02:30]} 13. Rc1 {[%emt 0:00:30]} Rac8 {[%emt 0:04:30]} 14. Qa4 {[%emt 0:01:30]} Rc7 {[%emt 0:01:30]} 15. Bd3 {[%emt 0:03:30]} Rfc8 {[%emt 0:01:30]} 16. Rc2 {[%emt 0:00:30]} a6 {[%emt 0:14:30]} 17. Rfc1 {[%emt 0:02:30]} g6 {[%emt 0:02:30]} 18. h3 {[%emt 0:01:30]} Bf5 {[%emt 0:00:30]} 19. Bxf5 {[%emt 0:01:30]} exf5 {[%emt 0:00:30]} 20. b4 {[%emt 0:05:30]} f4 {[%emt 0:00:30]} 21. Qb3 {[%emt 0:05:30]} Re8 {[%emt 0:03:30]} 22. Nf1 {[%emt 0:05:30]} Rce7 {[%emt 0:00:30]} 23. Rc5 {[%emt 0:01:30]} Nd8 {[%emt 0:03:30]} 24. Ne5 {[%emt 0:03:30]} Ne6 {[%emt 0:01:30]} 25. Rc8 {[%emt 0:01:30]} fxe3 {[%emt 0:02:30]} 26. fxe3 {[%emt 0:01:30]} Ne4 {[%emt 0:01:30]} 27. Qa4 {[%emt 0:01:30]} Rxc8 {[%emt 0:00:30]} 28. Rxc8+ {[%emt 0:00:00]} Kg7 {[%emt 0:00:30]} 29. Qc2 {[%emt 0:11:00]} f6 {[%emt 0:01:30]} 30. Nd3 {[%emt 0:01:30]} Ng3 {[%emt 0:00:30]} 31. Nc5 {[%emt 0:10:30]} Nxd4 {[%emt 0:11:30]} 32. exd4 {[%emt 0:10:30]} Nxf1 {[%emt 0:00:30]} 33. Rc7 {[%emt 0:08:10]} Qh2+ {[%emt 0:01:30]} 34. Kxf1 {[%emt 0:01:24]} Qh1+ {[%emt 0:00:30]} 35. Kf2 {[%emt 0:00:21]} Qe1+ {[%emt 0:00:00]} 36. Kf3 {[%emt 0:01:02]} Qe3+ {[%emt 0:00:00]} 0-1

[Event "28th CRO-chT Women 2019"]
[Site "Mali Losinj"]
[Date "2019.10.04"]
[Round "8.4"]
[White "Vujnovic, Patricija"]
[Black "Krmpotic, Klara"]
[Result "1-0"]
[WhiteElo "2052"]
[BlackElo "1563"]
[Annotator "NA"]
[PlyCount "51"]
[EventDate "2019.09.28"]
[EventType "team-tourn"]
[EventCountry "CRO"]
[SourceTitle "playchess.com"]
[Source "ChessBase"]
[SourceQuality "1"]
[TimeControl "40/5400+30:1800+30"]

1. d4 {[%emt 0:02:30]} d6 {[%emt 0:00:30]} 2. e4 {[%emt 0:01:30]} Nf6 {[%emt 0:00:30]} 3. Nc3 {[%emt 0:00:30]} c6 {[%emt 0:00:30]} 4. a4 {[%emt 0:04:30]} a5 {[%emt 0:10:30]} 5. Nf3 {[%emt 0:01:30]} Bg4 {[%emt 0:00:00]} 6. Be2 {[%emt 0:02:30]} e6 {[%emt 0:00:00]} 7. O-O {[%emt 0:01:30]} d5 {[%emt 0:02:30]} 8. e5 {[%emt 0:03:30]} Nfd7 {[%emt 0:00:30]} 9. Be3 {[%emt 0:08:30]} Be7 {[%emt 0:01:30]} 10. Qd2 {[%emt 0:01:30]} O-O {[%emt 0:01:30]} 11. Ne1 {[%emt 0:05:30]} Bxe2 {[%emt 0:00:30]} 12. Nxe2 {[%emt 0:00:30]} c5 {[%emt 0:01:30]} 13. f4 {[%emt 0:00:30]} cxd4 {[%emt 0:04:30]} 14. Nxd4 {[%emt 0:00:30]} Bc5 {[%emt 0:01:30]} 15. Nef3 {[%emt 0:03:30]} Qb6 {[%emt 0:05:30]} 16. c3 {[%emt 0:02:30]} Nc6 {[%emt 0:01:30]} 17. Qf2 {[%emt 0:01:30]} Rac8 {[%emt 0:17:30]} 18. Rae1 {[%emt 0:07:30]} Bxd4 {[%emt 0:04:30]} 19. Nxd4 {[%emt 0:06:30]} Nxd4 {[%emt 0:02:30]} 20. Bxd4 {[%emt 0:00:30]} Qb3 {[%emt 0:03:30]} 21. f5 {[%emt 0:01:30]} exf5 {[%emt 0:14:30]} 22. Qxf5 {[%emt 0:00:30]} Nb6 {[%emt 0:07:35]} 23. e6 {[%emt 0:01:30]} f6 {[%emt 0:11:58]} 24. e7 {[%emt 0:03:30]} Rfe8 {[%emt 0:00:10]} 25. Qe6+ {[%emt 0:00:00]} Kh8 {[%emt 0:00:27]} 26. Qxb6 {[%emt 0:01:00]} 1-0

[Event "28th CRO-chT Women 2019"]
[Site "Mali Losinj"]
[Date "2019.10.04"]
[Round "8.5"]
[White "Cvitan, Ena"]
[Black "Smetisko, Marija"]
[Result "0-1"]
[WhiteElo "2182"]
[BlackElo "1845"]
[Annotator "NA"]
[PlyCount "100"]
[EventDate "2019.09.28"]
[EventType "team-tourn"]
[EventCountry "CRO"]
[SourceTitle "playchess.com"]
[Source "ChessBase"]
[SourceQuality "1"]
[TimeControl "40/5400+30:1800+30"]

1. d4 {[%emt 0:05:30]} Nf6 {[%emt 0:00:30]} 2. c4 {[%emt 0:00:00]} g6 {[%emt 0:00:00]} 3. Nf3 {[%emt 0:00:00]} Bg7 {[%emt 0:02:00]} 4. Nc3 {[%emt 0:01:30]} d5 {[%emt 0:00:30]} 5. h4 {[%emt 0:00:30]} b6 {[%emt 0:02:30]} 6. h5 {[%emt 0:11:30]} Bb7 {[%emt 0:06:30]} 7. h6 {[%emt 0:11:30]} Bf8 {[%emt 0:01:30]} 8. Bf4 {[%emt 0:09:30]} e6 {[%emt 0:01:30]} 9. e3 {[%emt 0:08:30]} Bd6 {[%emt 0:05:30]} 10. cxd5 {[%emt 0:10:30]} Nxd5 {[%emt 0:03:30]} 11. Bb5+ {[%emt 0:04:30]} c6 {[%emt 0:05:30]} 12. Bxd6 {[%emt 0:00:30]} Qxd6 {[%emt 0:00:30]} 13. Bd3 {[%emt 0:00:30]} Nd7 {[%emt 0:03:30]} 14. O-O {[%emt 0:01:30]} Nxc3 {[%emt 0:06:30]} 15. bxc3 {[%emt 0:00:30]} Qf8 {[%emt 0:01:30]} 16. Ne5 {[%emt 0:03:30]} Nxe5 {[%emt 0:02:30]} 17. dxe5 {[%emt 0:00:00]} Qc5 {[%emt 0:02:30]} 18. Qe2 {[%emt 0:08:00]} Qxe5 {[%emt 0:01:30]} 19. f4 {[%emt 0:01:30]} Qxc3 {[%emt 0:03:30]} 20. Rac1 {[%emt 0:00:30]} Qa3 {[%emt 0:01:30]} 21. Be4 {[%emt 0:03:45]} Rc8 {[%emt 0:04:30]} 22. Qf3 {[%emt 0:02:21]} Qa4 {[%emt 0:18:30]} 23. g4 {[%emt 0:09:35]} f5 {[%emt 0:05:30]} 24. Bd3 {[%emt 0:01:27]} Rc7 {[%emt 0:05:58]} 25. Bc4 {[%emt 0:01:20]} c5 {[%emt 0:08:05]} 26. Qe2 {[%emt 0:00:08]} a6 {[%emt 0:00:47]} 27. Qb2 {[%emt 0:00:31]} Rf8 {[%emt 0:01:42]} 28. Qxb6 {[%emt 0:01:03]} Qc6 {[%emt 0:02:21]} 29. Qxc6+ {[%emt 0:00:02]} Rxc6 {[%emt 0:00:04]} 30. Rb1 {[%emt 0:00:51]} Bc8 {[%emt 0:02:03]} 31. g5 {[%emt 0:01:57]} Rf7 {[%emt 0:01:28]} 32. Rb8 {[%emt 0:00:28]} Kd8 {[%emt 0:01:15]} 33. Rd1+ {[%emt 0:00:48]} Rd7 {[%emt 0:00:39]} 34. Rxd7+ {[%emt 0:01:49]} Kxd7 {[%emt 0:00:01]} 35. Kf2 {[%emt 0:00:21]} Kc7 {[%emt 0:00:38]} 36. Rb2 {[%emt 0:00:27]} Bb7 {[%emt 0:00:50]} 37. Ke2 {[%emt 0:00:42]} Rd6 {[%emt 0:00:29]} 38. Ke1 {[%emt 0:00:52]} Bd5 {[%emt 0:00:26]} 39. Bxd5 {[%emt 0:00:27]} exd5 {[%emt 0:00:21]} 40. Ke2 {[%emt 0:00:00]} Rb6 {[%emt 0:00:00]} 41. Rc2 {[%emt 0:01:36]} c4 {[%emt 0:04:53]} 42. Kd2 {[%emt 0:01:30]} Kd6 {[%emt 0:00:30]} 43. Kc3 {[%emt 0:00:30]} Kc5 {[%emt 0:00:30]} 44. Rc1 {[%emt 0:03:30]} a5 {[%emt 0:00:30]} 45. Rd1 {[%emt 0:02:30]} a4 {[%emt 0:01:30]} 46. Rc1 {[%emt 0:00:30]} a3 {[%emt 0:01:30]} 47. Rd1 {[%emt 0:00:30]} Rb2 {[%emt 0:05:30]} 48. e4 {[%emt 0:01:30]} fxe4 {[%emt 0:03:09]} 49. f5 {[%emt 0:01:30]} gxf5 {[%emt 0:00:22]} 50. Rd2 {[%emt 0:04:01]} Rb6 {[%emt 0:01:30]} 0-1

[Event "28th CRO-chT Women 2019"]
[Site "Mali Losinj"]
[Date "2019.10.04"]
[Round "8.6"]
[White "Vodopija, Irina"]
[Black "Djukic, Sandra"]
[Result "1/2-1/2"]
[WhiteElo "1704"]
[BlackElo "2179"]
[Annotator "NA"]
[PlyCount "50"]
[EventDate "2019.09.28"]
[EventType "team-tourn"]
[EventCountry "CRO"]
[SourceTitle "playchess.com"]
[Source "ChessBase"]
[SourceQuality "1"]
[TimeControl "40/5400+30:1800+30"]

1. d4 {[%emt 0:00:30]} Nf6 {[%emt 0:05:30]} 2. Nf3 {[%emt 0:00:30]} e6 {[%emt 0:01:30]} 3. g3 {[%emt 0:01:30]} b6 {[%emt 0:02:30]} 4. Bg2 {[%emt 0:00:30]} Bb7 {[%emt 0:00:00]} 5. O-O {[%emt 0:00:30]} c5 {[%emt 0:04:00]} 6. e3 {[%emt 0:05:30]} d6 {[%emt 0:05:30]} 7. c4 {[%emt 0:01:30]} Qc7 {[%emt 0:05:30]} 8. b3 {[%emt 0:04:30]} a6 {[%emt 0:04:30]} 9. Bb2 {[%emt 0:02:30]} Nbd7 {[%emt 0:00:30]} 10. Nc3 {[%emt 0:01:30]} cxd4 {[%emt 0:02:30]} 11. Qxd4 {[%emt 0:02:30]} Be7 {[%emt 0:02:30]} 12. Rfe1 {[%emt 0:06:30]} O-O {[%emt 0:00:30]} 13. Rad1 {[%emt 0:04:30]} Rfd8 {[%emt 0:04:30]} 14. Qd2 {[%emt 0:05:30]} Rac8 {[%emt 0:11:30]} 15. Qe2 {[%emt 0:09:30]} Nc5 {[%emt 0:03:30]} 16. Nd4 {[%emt 0:03:30]} Bxg2 {[%emt 0:10:30]} 17. Kxg2 {[%emt 0:00:00]} Bf8 {[%emt 0:00:00]} 18. Qf3 {[%emt 0:05:00]} Nfd7 {[%emt 0:02:00]} 19. Qe2 {[%emt 0:06:30]} Nf6 {[%emt 0:19:17]} 20. Qf3 {[%emt 0:02:30]} Be7 {[%emt 0:06:19]} 21. Kg1 {[%emt 0:01:30]} Ncd7 {[%emt 0:04:18]} 22. Qg2 {[%emt 0:03:30]} Qc5 {[%emt 0:03:20]} 23. Ne4 {[%emt 0:05:30]} Nxe4 {[%emt 0:00:07]} 24. Qxe4 {[%emt 0:00:30]} Nf6 {[%emt 0:00:50]} 25. Qf3 {[%emt 0:00:30]} b5 {[%emt 0:00:45]} 1/2-1/2